| 000 -LEADER | |
|---|---|
| fixed length control field | 00452nam a22001697a 4500 |
| 005 - DATE AND TIME OF LATEST TRANSACTION | |
| control field | 20180818103740.0 |
| 008 - FIXED-LENGTH DATA ELEMENTS--GENERAL INFORMATION | |
| fixed length control field | 160524b xxu||||| |||| 00| 0 eng d |
| 020 ## - INTERNATIONAL STANDARD BOOK NUMBER | |
| ISBN | 81-203-2176-6 |
| 041 ## - LANGUAGE CODE | |
| Language code of text/sound track or separate title | eng |
| 082 ## - DEWEY DECIMAL CLASSIFICATION NUMBER | |
| Item number | 4562 |
| Classification number | 658.4012 |
| 100 ## - MAIN ENTRY--AUTHOR NAME | |
| Personal name | Johnson, Gery & Scholes, Keven |
| 245 ## - TITLE STATEMENT | |
| Title | Exploring Corporate Strategy: text and cases |
| 260 ## - PUBLICATION, DISTRIBUTION, ETC. (IMPRINT) | |
| Place of publication | New Delhi |
| Name of publisher | Academic Faundation |
| 300 ## - PHYSICAL DESCRIPTION | |
| Number of Pages | 1062p, |
| 650 ## - SUBJECT ADDED ENTRY--TOPICAL TERM | |
| Topical Term | Management |
| 942 ## - ADDED ENTRY ELEMENTS (KOHA) | |
| Koha item type | Books |
| Lost status | Damaged status | Collection code | Home library | Current library | Shelving location | Date acquired | Cost, normal purchase price | Full call number | Accession Number | Koha item type |
|---|---|---|---|---|---|---|---|---|---|---|
| MANAGEMENT | JRU Library | JRU Library | SHELF-64-L | 24/05/2016 | 325.00 | 658.4012 | 4562 | Books | ||
| MANAGEMENT | JRU Library | JRU Library | SHELF -72- H | 24/05/2016 | 325.00 | 658.4012 | 4563 | Books | ||
| MANAGEMENT | JRU Library | JRU Library | SHELF -72- H | 24/05/2016 | 325.00 | 658.4012 | 4564 | Books | ||
| MANAGEMENT | JRU Library | JRU Library | SHELF -72- H | 24/05/2016 | 325.00 | 658.4012 | 4565 | Books |